Vysokomýtsko a Skutečsko : turistická mapa

Další autoři: Rohlík, Jiří, 1933-
Jazyk: Čeština
Vydáno: Praha : Klub českých turistů, 1995
Vydání: 1. vyd.
Edice: Edice Klubu českých turistů
Soubor turistických map
Témata:
Fyzický popis: 1 list ; 58 x 90 cm
Mapy
Uloženo v:
LEADER 01496nem a2200421 a 4500
001 000019233
003 CZ BrMZK
005 20070420075341.0
007 a c
008 010907s1995 xr XX 1 cze d
015 |a cnb000103855 
020 |a 80-85499-49-5 
040 |a BOA001  |b cze 
041 0 |a cze  |g ger  |g eng 
043 |a e-xr---  |b e-xr-pa  |2 czenas 
080 |a 796.51  |2 MRF 
080 |a 913(437.314)  |2 MRF 
080 |a 912.43:796.5  |2 MRF 
080 |a (084.3)  |2 MRF 
245 0 0 |a Vysokomýtsko a Skutečsko :  |b turistická mapa  |h [kartografický dokument] /  |c redaktor Jiří Rohlík 
250 |a 1. vyd. 
255 |a [Měř.] 1:50 000 
260 |a Praha :  |b Klub českých turistů,  |c 1995 
300 |a 1 list ;  |c 58 x 90 cm 
490 1 |a Edice Klubu českých turistů ;  |v 47 
490 1 |a Soubor turistických map 
500 |a Barev slož. mp. s vysvětl. a na rubu s textem. 
500 |a Podnáz a vysvětl. též něm. a angl. 
650 0 7 |a pěší turistika  |7 ph124864  |z Česko  |2 czenas 
655 7 |a turistické mapy  |7 fd133737  |2 czenas 
651 7 |a Skuteč (Česko : oblast)  |7 ge130833  |2 czenas 
651 7 |a Vysoké Mýto (Česko : oblast)  |7 ge131354  |2 czenas 
700 1 |a Rohlík, Jiří,  |d 1933-  |7 jk01102602  |4 lso 
830 0 |a Edice Klubu českých turistů 
830 0 |a Soubor turistických map 
910 |a BOA001  |b Skř.9A-1008.044 
990 |a MP 
996 6 |b 2610020046  |c Skř.9A-1008.044  |l MZK  |r Sklad / do 24 hodin  |n 1  |p p.v.  |w 000019233  |u 000010  |a 1  |e BOA001  |j MZK50  |s P